Statistiques concernant Culture Générale - Série 1415

Cliquez ici pour prendre le quiz!

Statistiques générales

  • Ce quiz a été pris 95 fois
  • Le résultat moyen est 5 sur 10

Statistiques - réponses

Question Réponse % Correct
Dans quelle ville sont situées les plus célèbres falaises de France ?Etretat
84%
Dans la série de bandes dessinées "Boule et Bill", quel animal est Caroline ?tortue
79%
Qui joue le rôle du nettoyeur dans le film "Nikita" ?Jean Reno
75%
Quel personnage de jeu vidéo, en forme de rond jaune, doit avaler des pastilles avant de manger des fantômes ?Pacman
74%
Quel est le prénom de Kate Winslet dans le film "Titanic" de James Cameron ?Rose
72%
Sur quel arbre fruitier peut-on cueillir des comices ?poirier
46%
Quel mot désigne à la fois une fleur, un animal marin à tentacules et une actrice française ?Anémone
38%
Comment nomme-t-on le système de transport de marchandises, combinant la route et le chemin de fer ?ferroutage
28%
Quel terme désigne à la fois : une ligne sinueuse élégante et une figure d'équilibre de la danse académique ?arabesque
24%
Quelle capitale actuelle était appelée « Philadelphia » du temps des Romains ?Amman
2%

Distribution des résultats

Percentile par nombre de réponses

% des personnes avec chaque résultat

Votre développement - résultats

Vous n’avez pas pris ce quiz